000 00213 a2200109 4500
020 _a9780746022542
041 _aeng
100 _aAnne Civardi
245 _aUsborne First Experiences
942 _cBK
952 _71
999 _c22691
_d22691